Guess Blackpink song by lyrics - Statistics

General Stats
  • This quiz has been taken 841 times
  • The average score is 25 of 34
Answer Stats
Hint Answer % Correct
And i'm so hot, I need a fan Boombayah
93%
On and on and on Playing with fire
87%
Everyone silent, listen to my money talk Money
86%
Love is a drug that I quit Lovesick Girls
85%
Feelin' like a sinner. It's so fire with him I go boo hoo Kill this love
84%
every time I show up, blow up uh Whistle
84%
Light up the sky How you like that
82%
Bunch of wannabes that wanna be me. Me three if I was you Shut Down
82%
Make no sense, you couldn't get a dollar outta me Pink Venom
80%
Say life's a bish ? But mine's a movie Forever young
78%
looking good enough to eat Ice cream
78%
This time I'm only lookin' at me, myself and I Solo
78%
This a letter from me to you Stay
78%
You know I don't know what to do Don't know what to do
77%
Now I'm all alone, cryin' ugly. You broke my heart just for fun Gone
77%
The loudest in the room (hoo! Hoo!) Lalisa
77%
Just say yeah, yeah, yeah Yeah Yeah Yeah
77%
"Look at me, I'm never coming down" On the ground
75%
When the bass drop, it's another banger Ddu Du Ddu Du
74%
Didn't know that you were cold 'til you felt my fire Typa Girl
74%
Won't you set me free As if it's your last
73%
From the top to the bottom of my kicks now Kick It
73%
Yeah, we some bishes you can't manage Pretty Savage
73%
Negative days, Negative nights Love to hate me
72%
While you talkin' all that shit. I'll be gettin' mine, gettin' mine Tally
72%
Of course you wanna Bet you wanna
71%
My heart only wants you. The moment you say no The Happiest Girl
69%
That playlist, my favorite, so play it, but baby F a love song I need you to say it Really
67%
Cause everybody sees what they wanna see You never know
65%
Feels wrong but it's right, right Crazy over you
63%
Feel like we about to break up Kiss and make up
56%
What I need is forever and forever, baby, not sometimes Ready for love
55%
Here I am yet once again with the same old story Hard to love
53%
I don't want you no more See u later
48%
No matching quizzes found
Score Distribution
Percent of People with Each Score
Percentile by Number Answered
Your Score History
You have not taken this quiz